INTERNATIONAL LAW (Record no. 207207)
[ view plain ]
| 000 -LEADER | |
|---|---|
| fixed length control field | 00488nam a22001817a 4500 |
| 008 - FIXED-LENGTH DATA ELEMENTS--GENERAL INFORMATION | |
| fixed length control field | 230921b |||||||| |||| 00| 0 eng d |
| 020 ## - INTERNATIONAL STANDARD BOOK NUMBER | |
| International Standard Book Number | 9780414070790 |
| 050 ## - LIBRARY OF CONGRESS CALL NUMBER | |
| Classification number | KZ 3295 .I58 2020 |
| Item number | C.4 |
| 100 ## - MAIN ENTRY--PERSONAL NAME | |
| Personal name | WALLACE, REBECCA M.M. |
| 245 ## - TITLE STATEMENT | |
| Title | INTERNATIONAL LAW |
| 250 ## - EDITION STATEMENT | |
| Edition statement | 9TH ED. |
| 260 ## - PUBLICATION, DISTRIBUTION, ETC. | |
| Place of publication, distribution, etc. | UK |
| Name of publisher, distributor, etc. | SWEET AND MAXWELL |
| Date of publication, distribution, etc. | 2020 |
| 300 ## - PHYSICAL DESCRIPTION | |
| Extent | LXIV, 427P. |
| 500 ## - GENERAL NOTE | |
| General note | INCLUDES BIBLIOGRAPHIC REFERENCES AND INDEX |
| 650 ## - SUBJECT ADDED ENTRY | |
| Topical term or geographic name entry element | International law |
| 700 ## - ADDED ENTRY--PERSONAL NAME | |
| Personal name | ET.AL. |
| 942 ## - ADDED ENTRY ELEMENTS (KOHA) | |
| Source of classification or shelving scheme | Library of Congress Classification |
| Koha item type | Long Loan Book |
| Withdrawn status | Lost status | Source of classification or shelving scheme | Damaged status | Not for loan | Collection | Home library | Current library | Shelving location | Date acquired | Inventory number | Total checkouts | Total renewals | Full call number | Barcode | Date last seen | Date last checked out | Copy number | Price effective from | Koha item type |
|---|---|---|---|---|---|---|---|---|---|---|---|---|---|---|---|---|---|---|---|
| Library of Congress Classification | Law | Kisii University Library | Kisii University Library | On Display | 09/21/2023 | 101566 | 10 | 3 | KZ 3295 .I58 2020 | 000000000442 | 12/08/2025 | 11/24/2025 | C.4 | 09/21/2023 | Long Loan Book | ||||
| Library of Congress Classification | Law | Kisii University Library | Kisii University Library | On Display | 09/21/2023 | 101563 | 10 | 2 | KZ 3295 .I58 2020 | 000000000441 | 01/06/2026 | 12/16/2025 | C.1 | 09/21/2023 | Long Loan Book | ||||
| Library of Congress Classification | Law | Kisii University Library | Kisii University Library | On Display | 09/21/2023 | 101564 | 6 | KZ 3295 .I58 2020 | 000000000440 | 10/06/2025 | 09/22/2025 | C.2 | 09/21/2023 | Long Loan Book | |||||
| Library of Congress Classification | Law | Kisii University Library | Kisii University Library | On Display | 09/21/2023 | 101565 | 9 | 4 | KZ 3295 .I58 2020 | 000000000439 | 01/05/2026 | 12/16/2025 | C.3 | 09/21/2023 | Long Loan Book |